Manual of Environmental Protection Laws: (Record no. 613089)
[ view plain ]
| 000 -LEADER | |
|---|---|
| fixed length control field | 00439nam a22001337a 4500 |
| 082 ## - DEWEY DECIMAL CLASSIFICATION NUMBER | |
| Classification number | 344.046549 |
| Author Mark | MAL |
| 100 ## - MAIN ENTRY--PERSONAL NAME | |
| Personal name | Malik, Samar Naveed |
| 245 ## - TITLE STATEMENT | |
| Title | Manual of Environmental Protection Laws: |
| Remainder of title | with all amendment & up to date case law / |
| Statement of responsibility, etc. | Samar Naveed Malik |
| 260 ## - PUBLICATION, DISTRIBUTION, ETC. | |
| Place of publication, distribution, etc. | Lahore : |
| Name of publisher, distributor, etc. | Capital Law Publishers, |
| Date of publication, distribution, etc. | 2023. |
| 300 ## - PHYSICAL DESCRIPTION | |
| Extent | 516 p. |
| 563 ## - BINDING INFORMATION | |
| Binding note | HB. |
| 650 ## - SUBJECT ADDED ENTRY--TOPICAL TERM | |
| Topical term or geographic name entry element | Law, Environmental Protection Laws |
| 942 ## - ADDED ENTRY ELEMENTS (KOHA) | |
| Source of classification or shelving scheme | |
| Koha item type | Book |
| 650 ## - SUBJECT ADDED ENTRY--TOPICAL TERM | |
| -- | 128061 |
| Withdrawn status | Lost status | Source of classification or shelving scheme | Damaged status | Not for loan | Permanent Location | Current Location | Date acquired | Total Checkouts | Full call number | Barcode | Date last seen | Price effective from | Koha item type | Source of acquisition |
|---|---|---|---|---|---|---|---|---|---|---|---|---|---|---|
| NUST Law School (NLS) | NUST Law School (NLS) | 03/03/2025 | 344.046549 MAL | NLS-296 | 03/03/2025 | 03/03/2025 | Book | |||||||
| NUST Law School (NLS) | NUST Law School (NLS) | 03/03/2025 | 344.046549 MAL | NLS-297 | 03/03/2025 | 03/03/2025 | Book | |||||||
| NUST Law School (NLS) | NUST Law School (NLS) | 03/03/2025 | 344.046549 MAL | NLS-298 | 03/03/2025 | 03/03/2025 | Book | |||||||
| NUST Law School (NLS) | NUST Law School (NLS) | 06/25/2025 | 344.046549 MAL | NLS-1824 | 06/25/2025 | 06/25/2025 | Book | Pakistan Law House | ||||||
| NUST Law School (NLS) | NUST Law School (NLS) | 06/25/2025 | 344.046549 MAL | NLS-1825 | 06/25/2025 | 06/25/2025 | Book | Pakistan Law House | ||||||
| NUST Law School (NLS) | NUST Law School (NLS) | 06/25/2025 | 344.046549 MAL | NLS-1826 | 06/25/2025 | 06/25/2025 | Book | Pakistan Law House |
